zpět

Detail výsledku týmu

Hostinec Na Patříně, Loučeň

Datum a čas kvízu

34 Celkem bodů Celkový počet nahraných bodů na tomto kvízu bez doplňovacích otázek.
2. Pořadí na kvízu Konečné umístění týmu na tomto kvízu.

Zaznamenané odpovědi

# Otázka Odpověď Body Výsledky
1. Při úterním zasedání Sněmovny... bojový letoun (F-35) 0
2. Nepálské úřady minulý týden oz... C) pytlíkem na výkaly 1
3. V přepočtu asi 40 milionů koru... The Beatles 0
4. V sobotu začal čínský nový rok... znamení Draka 1
5. V noci z neděle na pondělí se... Kansas City (Chiefs), San Francisco (49ers) 0.5
6. Vítězné téma facebookového hla... 1A 2D 3B 4C 1
7. Dne 18. dubna 1997 byli odsouz... Orličtí vrazi 0
8. Říká vám něco jméno herečky Šá... Irenka (Irena) 0
9. V roce 1994 vyšel první díl he... Tekken 0
10. Ke kterému městu se v souvislo... Vsetín 0